Efectos económicos en Cuba del derrumbe del socialismo en la Unión Soviética y Europa Oriental /
En este extenso artículo se analizan los cambios internos y externos que han afectado a la economía cubana desde 1986, desde el programa de reforma con el denominado Sistema de Dirección y Planificación de la Economía (SDPE) hasta el Proceso de Proceso de Rectificación y la ruptura comercial y polí...
שמור ב:
| מחבר ראשי: | |
|---|---|
| פורמט: | ספר |
| שפה: | Spanish |
| נושאים: | |
| גישה מקוונת: | texto completo desde el sitio de la revista |
| תגים: |
הוספת תג
אין תגיות, היה/י הראשונ/ה לתייג את הרשומה!
|
MARC
| LEADER | 00000nam a22000007a 4500 | ||
|---|---|---|---|
| 003 | cru CIDCACS/IIS | ||
| 005 | 20211201143133.0 | ||
| 007 | ta | ||
| 008 | 190110s1993 cl || p|r||||||0| ||spa|| | ||
| 040 | |c cru CIDCACS/IIS | ||
| 100 | 1 | |a Mesa-Lago, Carmelo |9 8183 | |
| 245 | 1 | |a Efectos económicos en Cuba del derrumbe del socialismo en la Unión Soviética y Europa Oriental / |c Carmelo Mesa-Lago | |
| 300 | |a páginas 341-414: |b tablas | ||
| 520 | |a En este extenso artículo se analizan los cambios internos y externos que han afectado a la economía cubana desde 1986, desde el programa de reforma con el denominado Sistema de Dirección y Planificación de la Economía (SDPE) hasta el Proceso de Proceso de Rectificación y la ruptura comercial y política con la Unión Soviética y el Bloque Socialista por la crisis política que derivaría en su caída en 1991. Se divide en cuatro partes: breve estudio de las características económicas fundamentales del Proceso de Rectificación antimercado; un análisis del grave deterioro de las relaciones económicas soviético-cubanas; un análisis de la desaparición de las relaciones económicas con los países de Europa oriental y finalmente una evaluación de las repercusiones socio-económicas de los tres cambios anteriores. Todo lo anterior expuesto con la presentación de enorme cantidad de datos, cuadros y cifras de los distintos indicadores macroeconómicos, como los bienes y servicios importados, los países comerciantes con Cuba, las exportaciones, los efectos en la balanza comercial y demás aspectos de cara a un mundo sin Bloque Socialista. SCA/011221 | ||
| 650 | 0 | |9 143 |a ECONOMIA | |
| 650 | 4 | |9 2666 |a MACROECONOMIA | |
| 650 | 4 | |9 1943 |a PAISES SOCIALISTAS | |
| 650 | 4 | |9 2646 |a RELACIONES INTERNACIONALES | |
| 650 | 0 | |9 2806 |a RELACIONES ECONOMICAS INTERNACIONALES | |
| 650 | 4 | |9 3740 |a COOPERACION ECONOMICA | |
| 651 | 0 | |9 10188 |a EUROPA ORIENTAL | |
| 651 | 4 | |9 1846 |a CUBA | |
| 651 | 0 | |9 1173 |a URSS | |
| 773 | 0 | |0 42022 |9 2586 |a Universidad de Chile. |d Santiago, Chile: Instituto de Estudios Internacionales de la Universidad de Chile |o 18795 |t Estudios Internacionales / |x 07160240 | |
| 856 | |u https://revistaei.uchile.cl/index.php/REI/article/view/15382/28490 |y texto completo desde el sitio de la revista | ||
| 942 | |2 ddc |c PP | ||
| 999 | |c 42029 |d 42029 | ||
